<?xml version="1.0" encoding="UTF-8"?>
<marc:record xmlns:marc="http://www.loc.gov/MARC21/slim">
   <marc:leader>00000nam a2200000 a 4500</marc:leader>
   <marc:datafield ind1="1" ind2=" " tag="100">
      <marc:subfield code="a">Strebel, Barbara</marc:subfield>
      <marc:subfield code="4">aut</marc:subfield>
      <marc:subfield code="e">Verfasser/-in</marc:subfield>
   </marc:datafield>
   <marc:datafield ind1=" " ind2=" " tag="653">
      <marc:subfield code="a">Geschichte 2000-2002</marc:subfield>
   </marc:datafield>
   <marc:datafield ind1=" " ind2=" " tag="653">
      <marc:subfield code="a">Landeskunde</marc:subfield>
   </marc:datafield>
   <marc:datafield ind1=" " ind2=" " tag="653">
      <marc:subfield code="a">Kirchliche Entwicklungshilfe</marc:subfield>
   </marc:datafield>
   <marc:datafield ind1=" " ind2=" " tag="653">
      <marc:subfield code="a">Ländergeschichte</marc:subfield>
   </marc:datafield>
   <marc:datafield ind1=" " ind2=" " tag="653">
      <marc:subfield code="a">Erlebnisbericht</marc:subfield>
   </marc:datafield>
   <marc:datafield ind1="0" ind2="0" tag="245">
      <marc:subfield code="a">Der Weg ins Paradies ist keine Asphaltstraße</marc:subfield>
   </marc:datafield>
   <marc:datafield ind1="0" ind2="0" tag="245">
      <marc:subfield code="b">Eindrücke aus Äthiopien</marc:subfield>
   </marc:datafield>
   <marc:datafield ind1="0" ind2="0" tag="245">
      <marc:subfield code="c">Barbara Strebel</marc:subfield>
   </marc:datafield>
   <marc:datafield ind1=" " ind2="1" tag="264">
      <marc:subfield code="a">Zürich</marc:subfield>
      <marc:subfield code="b">Orell Füssli</marc:subfield>
      <marc:subfield code="c">2007</marc:subfield>
   </marc:datafield>
   <marc:datafield ind1="1" ind2=" " tag="520">
      <marc:subfield code="a">Angaben aus der Verlagsmeldung

Der Weg ins Paradies ist keine Asphaltstraße : Eindrücke aus Äthiopien / von Barbara Strebel

Mit diesem Slogan wirbt das äthiopische Tourismusbüro um Besucherinnen und Besucher - und zeichnet damit ein erstaunlich heiteres Bild von dem Land, das im Westen eher durch seine dunklen Seiten bekannt ist. Die Autorin ist nach Äthiopien gereist und beidem begegnet: dem Lächeln und dem Schmerz.
Armut, Hunger, Krieg - seit in den 1980er Jahren Fotos von bis auf die Knochen abgemagerten äthiopischen Kindern um die Welt gingen, assoziieren die meisten Menschen in Europa den Begriff «Äthiopien» mit Katastrophen und Leid. Aber Äthiopiens Realität erschöpft sich nicht in den negativen Schlagzeilen und Katastrophenmeldungen. Dahinter wartet eine komplexe, vielfältige und manchmal durchaus heitere Welt darauf, entdeckt zu werden.
</marc:subfield>
   </marc:datafield>
   <marc:datafield ind1=" " ind2=" " tag="020">
      <marc:subfield code="a">9783280060995</marc:subfield>
      <marc:subfield code="9">9783280060995</marc:subfield>
   </marc:datafield>
   <marc:datafield ind1=" " ind2=" " tag="020">
      <marc:subfield code="a">3280060990</marc:subfield>
      <marc:subfield code="9">3280060990</marc:subfield>
   </marc:datafield>
   <marc:datafield ind1=" " ind2=" " tag="041">
      <marc:subfield code="a">ger</marc:subfield>
   </marc:datafield>
   <marc:datafield ind1=" " ind2=" " tag="300">
      <marc:subfield code="a">171 S.</marc:subfield>
   </marc:datafield>
</marc:record>
